| 000 | 00504nam a2200205Ia 4500 | ||
|---|---|---|---|
| 008 | 170203s9999 xx 000 0 und d | ||
| 020 | _a1932209298 | ||
| 050 | _aFic | ||
| 050 | _bT374 | ||
| 245 | 4 | _aThe zoo / | |
| 260 | _aAshland, Ohio : | ||
| 260 | _bBendon Pub. International, | ||
| 300 | _a1 volume (unpaged) : | ||
| 300 | _bcolor illustrations ; | ||
| 300 | _c27 cm | ||
| 650 | _aZoo animals -- | ||
| 650 | _aZoos -- | ||
| 650 | _xJuvenile fiction. | ||
| 650 | _xJuvenile fiction. | ||
| 999 |
_c306532 _d306532 |
||